[Event "IECG QN.1998.0.00026"]
[Site "IECG email"]
[Date "1998.07.14"]
[Round "?"]
[White "Osmont, Xavier"]
[Black "Vnukov, Denis"]
[Result "0-1"]
[WhiteElo "800"]
[BlackElo "800"]
[PlyCount "32"]
[EventDate "1998.07.14"]
[EventType "tourn (corr)"]
[EventRounds "6"]
[SourceTitle "Corr 2008"]
[Source "ChessBase"]
[SourceDate "2008.06.24"]
[SourceVersion "1"]
[SourceVersionDate "2008.06.24"]
[SourceQuality "1"]

1. e4 e5 2. Nf3 Nc6 3. Bb5 a6 4. Bxc6 dxc6 5. d3 f6 6. 0-0 Bg4 7. d4 Bxf3 8. gxf3 Qxd4 9. Qxd4 exd4 10. c3 dxc3 11. Nxc3 0-0-0 12. f4 Bd6 13. a4 Ne7 14. b4 Bxb4 15. Bb2 Rd2 16. Rab1 Rxb2 0-1